| 000 | 00666nam a2200265 a 4500 | ||
|---|---|---|---|
| 003 | AR-BaBNM | ||
| 005 | 20251128204041.0 | ||
| 008 | 082120s2002 ||||||||||||||000 | spa|| | ||
| 020 | _a950-07-0319-X | ||
| 040 | _cAR-BaBNM | ||
| 100 | 1 | _aSebreli, Juan José | |
| 245 | 0 | 0 | _aLa saga de los Anchorena |
| 250 | _a3ª ed. | ||
| 260 |
_aBuenos Aires _bSudamericana _c1986 |
||
| 300 | _a344 p. | ||
| 500 | _aContiene referencias bibliográficas | ||
| 650 | 4 | _aHISTORIA ARGENTINA | |
| 650 | 4 | _aSOCIOLOGIA POLITICA | |
| 650 | 4 | _aELITE | |
| 650 | 4 | _aPODER POLITICO | |
| 650 | 4 | _aSIGLO DIECINUEVE | |
| 650 | 4 | _aSIGLO VEINTE | |
| 942 | _cBK | ||
| 998 | _cMariana | ||
| 999 |
_c5966 _d5966 |
||